Les villes hôtes de la finale de la Ligue des Champions (C1) - Statistiques

Statistiques générales
  • Ce quiz a été pris 154 fois
  • Le résultat moyen est 64 sur 70
Statistiques - réponses
Année Ville hôte Pays % Correct
1981 Paris France
99%
1975 Paris France
99%
1956 Paris France
99%
2007 Athènes Grèce
98%
1994 Athènes Grèce
98%
1983 Athènes Grèce
98%
1999 Barcelone Espagne
98%
1989 Barcelone Espagne
98%
2023 Istanbul Turquie
98%
2005 Istanbul Turquie
98%
2020 Lisbonne Portugal
98%
2014 Lisbonne Portugal
98%
1967 Lisbonne Portugal
98%
2024 Londres Angleterre
98%
2013 Londres Angleterre
98%
2011 Londres Angleterre
98%
1992 Londres Angleterre
98%
1978 Londres Angleterre
98%
1971 Londres Angleterre
98%
1968 Londres Angleterre
98%
1963 Londres Angleterre
98%
2019 Madrid Espagne
98%
2010 Madrid Espagne
98%
1980 Madrid Espagne
98%
1969 Madrid Espagne
98%
1957 Madrid Espagne
98%
2025 Munich Allemagne
98%
2012 Munich Allemagne
98%
1997 Munich Allemagne
98%
1993 Munich Allemagne
98%
1979 Munich Allemagne
98%
2009 Rome Italie
98%
1996 Rome Italie
98%
1984 Rome Italie
98%
1977 Rome Italie
98%
2015 Berlin Allemagne
97%
2018 Kiev Ukraine
97%
2008 Moscou Russie
96%
2021 Porto Portugal
96%
1985 Bruxelles Belgique
95%
1974 Bruxelles Belgique
95%
1966 Bruxelles Bruxelles
95%
1958 Bruxelles Belgique
95%
2016 Milan Italie
95%
2001 Milan Italie
95%
1970 Milan Italie
95%
1965 Milan Italie
95%
1995 Vienne Autriche
95%
1990 Vienne Autriche
95%
1987 Vienne Autriche
95%
1964 Vienne Autriche
95%
1998 Amsterdam Pays-Bas
94%
1962 Amsterdam Pays-Bas
94%
2003 Manchester Angleterre
92%
1961 Berne Suisse
89%
2002 Glasgow Écosse
87%
1976 Glasgow Écosse
87%
1960 Glasgow Écosse
87%
2022 Saint-Denis France
87%
2006 Saint-Denis France
87%
2000 Saint-Denis France
87%
2017 Cardiff Pays de Galles
86%
1982 Rotterdam Pays-Bas
85%
1972 Rotterdam Pays-Bas
85%
1986 Séville Espagne
81%
1973 Belgrade Serbie
77%
1988 Stuttgart Allemagne
54%
1959 Stuttgart Allemagne
54%
1991 Bari Italie
32%
2004 Gelsenkirchen Allemagne
31%
Aucun quiz correspondant
Distribution des résultats
% des personnes avec chaque résultat
Percentile par nombre de réponses
Votre historique - résultats
Vous n’avez pas pris ce quiz